000 01546nab a22002417a 4500
999 _c5470
_d5470
003 OSt
005 20251113131023.0
008 190604e xxu||||| |||| 00| 0 spa d
040 _cPJ
100 _91712
_aLeiva Fernandez, Luis F. P.
245 1 0 _aLo que no dice el Código Civil y Comercial (ni necesita decir) /
_cLuis F. P. Leiva Fernández.
260 _aCiudad Autónoma de Buenos Aires :
_bThomson Reuters La Ley,
_c2025.
300 _ap. 5-15
500 _aCita Online: TR LALEY AR/DOC/1801/2025.
505 _aSumario: I. Los 10 años del Código Civil y Comercial de la Nación.— II. El aporte científico.— III. La importancia de las fuentes.— IV. Las decisiones que se deben tomar al legislar derecho privado.— V. Lo que no es necesario decir. La autonomía de la voluntad.— VI. Sobre la reiteración de las normas principales del derecho del consumo.— VII. Lo que no es necesario decir. Las instituciones de aplicación extendida.— VIII. Lo que no es necesario decir. El tema de las señas.— IX. Lo que no es necesario decir. Los contratos reales. Lo no regulado no está prohibido.
505 _t¿Te interesa el texto completo? Solicitalo al correo: koha@justierradelfuego.gov.ar
650 0 _91497
_aCODIGO CIVIL Y COMERCIAL
650 0 _9352
_aDERECHO CIVIL
650 0 _91602
_aDERECHO COMERCIAL
650 0 _93463
_aCONTRATOS
773 0 _02714
_93171
_dCiudad Autónoma de Buenos Aires : Thomson Reuters La Ley, 2014-
_tRevista anales de legislación argentina. Nº 8 - Agosto 2025.
942 _2udc
_cANA